Champions League Torschützen 2024/2025 - Statistiken

Allgemein
  • Dieses Quiz wurde 190 mal gespielt
  • Das Durchschnittsergebnis liegt bei 10 aus 12
Antwortstatistiken
Tore Verein Spieler % Korrekt
11 FC Bayern München Harry Kane
99%
13 Borussia Dortmund Serhou Guirassy
98%
11 FC Barcelona Robert Lewandowski
97%
8 Manchester City Erling Haaland
96%
7 Real Madrid Kylian Mbappé
94%
9 Inter Mailand Lautaro Martínez
92%
8 Real Madrid Vinícius Júnior
92%
8 Paris Saint-Germain Ousmane Dembélé
91%
13 FC Barcelona Raphinha
88%
7 Atlético Madrid Julián Álvarez
76%
7 OSC Lille Jonathan David
66%
7 Benfica Lissabon Vangelis Pavlidis
36%
Keine übereinstimmenden Quizze gefunden
Verteilung der Resultate
Anzahl Personen mit jedem Resultat
Perzentil nach korrekt beantworteten Fragen
Ihre Resultats-Entwicklung
Sie haben dieses Quiz noch nicht gespielt